Electrochemical biosensors

Since four decades, rapid detection and monitoring in clinical and food diagnostics and in environmental and biodefense have paved the way for the elaboration of electrochemical biosensors. Thanks to their adaptability, ease of use in relatively complex samples, and their portability, electrochemica...

ver descrição completa

Na minha lista:
Detalhes bibliográficos
Formato: Livro
Idioma:Undetermined
Publicado em: Singapore Pan Stanford Publishing 2015
Assuntos:
Tags: Adicionar Tag
Sem tags, seja o primeiro a adicionar uma tag!
Thư viện lưu trữ: Trung tâm Học liệu Trường Đại học Cần Thơ
LEADER 01870nam a2200193Ia 4500
001 CTU_223893
008 210402s9999 xx 000 0 und d
020 |c 5106000 
082 |a 610.28 
082 |b E38 
245 0 |a Electrochemical biosensors 
245 0 |c edited by Serge Cosnier 
260 |a Singapore 
260 |b Pan Stanford Publishing 
260 |c 2015 
520 |a Since four decades, rapid detection and monitoring in clinical and food diagnostics and in environmental and biodefense have paved the way for the elaboration of electrochemical biosensors. Thanks to their adaptability, ease of use in relatively complex samples, and their portability, electrochemical biosensors now are one of the mainstays of analytical chemistry. In particular, electrochemistry has played a pivotal role in the development of transduction methods for biological processes and biosensors. In parallel, the explosion of activity in nanoscience and nanotechnology and their huge success have profoundly affected biosensor technology, opening new avenues of research for electrode materials and transduction. This book provides an overview of biosensors based on amperometry, conductimetry, potentiometry, square-wave voltammetry, impedance, and electrochemiluminescence and describes the use of ultramicroelectrodes for the real-time monitoring and understanding of exocytosis. Areas of particular interest are the use of silver and gold nanoparticles for signal amplification, photocurrent transduction, and aptamer design. Moreover, advanced insights in the innovative concept of self-powered biosensors derived from biofuel cells are also discussed. 
650 |a Electrochemical sensor,Electrochemical sensor,Bộ cảm biến sinh học,Cảm biến điện hóa,Biosensors 
910 |b vdbang 
980 |a Trung tâm Học liệu Trường Đại học Cần Thơ